<?xml version="1.0" encoding="UTF-8"?>
<record
    xmlns:xsi="http://www.w3.org/2001/XMLSchema-instance"
    xsi:schemaLocation="http://www.loc.gov/MARC21/slim http://www.loc.gov/standards/marcxml/schema/MARC21slim.xsd"
    xmlns="http://www.loc.gov/MARC21/slim">

  <leader>00858nam a2200253 a 4500</leader>
  <controlfield tag="001">BRL_657</controlfield>
  <controlfield tag="005">20190320210835.0</controlfield>
  <controlfield tag="008">230913s1978----gw-ao#####---#000-0#ger-#</controlfield>
  <datafield tag="020" ind1=" " ind2=" ">
    <subfield code="a">388209009X</subfield>
  </datafield>
  <datafield tag="041" ind1=" " ind2=" ">
    <subfield code="a">ger</subfield>
  </datafield>
  <datafield tag="044" ind1=" " ind2=" ">
    <subfield code="a">gw</subfield>
  </datafield>
  <datafield tag="050" ind1=" " ind2="4">
    <subfield code="a">JN3201</subfield>
    <subfield code="b">.B47 1978</subfield>
  </datafield>
  <datafield tag="100" ind1="1" ind2=" ">
    <subfield code="a">Bergmann, Theodor</subfield>
    <subfield code="9">24545</subfield>
  </datafield>
  <datafield tag="245" ind1="1" ind2="0">
    <subfield code="a">50 Jahre KPD (Opposition) 30.12.1928 - 30.12.1978</subfield>
    <subfield code="b">Der beitrag der KPO zur marxistischen theorie und zur Geschichte  der deutschen arbeiterbewegung versuch einer kritischen W&#xFC;rdigung</subfield>
    <subfield code="c">Theodor Bergmann</subfield>
  </datafield>
  <datafield tag="260" ind1=" " ind2=" ">
    <subfield code="a">Hannover</subfield>
    <subfield code="b">SOAK</subfield>
    <subfield code="c">1978</subfield>
  </datafield>
  <datafield tag="300" ind1=" " ind2=" ">
    <subfield code="a">131 p.</subfield>
    <subfield code="b">il.</subfield>
    <subfield code="c">17 p.</subfield>
  </datafield>
  <datafield tag="440" ind1=" " ind2="0">
    <subfield code="a">Texte zur Arbeiterbewegung</subfield>
    <subfield code="9">24546</subfield>
  </datafield>
  <datafield tag="500" ind1=" " ind2=" ">
    <subfield code="a">Au750</subfield>
  </datafield>
  <datafield tag="650" ind1="1" ind2="4">
    <subfield code="a">Partidos Politicos</subfield>
    <subfield code="x">Historia</subfield>
    <subfield code="z">Alemania</subfield>
    <subfield code="9">24547</subfield>
  </datafield>
  <datafield tag="650" ind1="1" ind2="4">
    <subfield code="a">Partidos comunistas</subfield>
    <subfield code="x">Historia</subfield>
    <subfield code="z">Alemania</subfield>
    <subfield code="9">24548</subfield>
  </datafield>
  <datafield tag="650" ind1="1" ind2="4">
    <subfield code="a">Comunismo</subfield>
    <subfield code="9">9202</subfield>
  </datafield>
  <datafield tag="902" ind1=" " ind2=" ">
    <subfield code="a">GRL</subfield>
  </datafield>
  <datafield tag="942" ind1=" " ind2=" ">
    <subfield code="2">lcc</subfield>
    <subfield code="c">B</subfield>
  </datafield>
  <datafield tag="999" ind1=" " ind2=" ">
    <subfield code="c">9469</subfield>
    <subfield code="d">9469</subfield>
  </datafield>
  <datafield tag="952" ind1=" " ind2=" ">
    <subfield code="0">0</subfield>
    <subfield code="1">0</subfield>
    <subfield code="4">0</subfield>
    <subfield code="7">0</subfield>
    <subfield code="a">BRL</subfield>
    <subfield code="b">BRL</subfield>
    <subfield code="d">2013-09-23</subfield>
    <subfield code="i">Au750</subfield>
    <subfield code="l">0</subfield>
    <subfield code="o">JN3201 .B47 1978 (Au750)</subfield>
    <subfield code="p">GRL00726</subfield>
    <subfield code="r">2019-03-22 00:00:00</subfield>
    <subfield code="w">2019-03-22</subfield>
    <subfield code="y">B</subfield>
  </datafield>
</record>
